Responses for Show #1311 - Monday, April 23, 1990

Contestants

[<< previous game]

Robin Corkery, a financial consultant from Spokane, Washington

Carol Chaffee, a graduate student originally from Walnut Creek, California

Liz Barnea, a librarian from Billings, Montana (whose 4-day cash winnings total $28,900)

[next game >>]

Jeopardy! Round responses

HISTORICAL FILMS
PLANTS
3-LETTER WORDS
THE OLYMPICS
AMERICAN ISLANDS
NAMES
    $100 21
Dr. Livingstone

Liz
    $100 16
apples

Carol
    $100 1
a cap

Carol
    $100 7
Greece

Robin
    $100 6
Atlantic City

Carol
    $100 22
Felix

Robin
    $200 27
Marie Antoinette

Carol
    $200 17
a tumbleweed

Liz
    $200 2
your top

Carol
    $200 8
Babe Didrikson Zaharias

Liz
    $200 9
Kitty Hawk

Robin
    $200 23
Cleopatra

Liz
    $300 28
Louis Pasteur

Robin
    $300 18
water

Robin
    $300 3
tea

Carol
    $300 12
Jim Thorpe

Robin
    $300 10
Kodiak

Robin
    $300 24
Heidi

Robin
    $400 29
MacArthur

Robin
    $400 19
soybean

Robin
    $400 4
jib

Robin
    $400 13
skiing

Liz
    $400 11
the U.S. Virgin Islands

Robin
    $2,000 25
"Long Tall Sally" (by Little Richard)

Robin
    $500 30
Sister Elizabeth Kenney

Liz
    $500 20
bluish purple

Robin
    $500 5
(Robin: What are the mare and the bay?)

the nag & the bay

LizRobin
    $500 15
weightlifting

Robin
    $500 14
Maine

Carol
    $500 26
(Alex: Less than a minute to go in the round.)

Brunhilde

Triple Stumper

Scores at the first commercial break (after clue 15):

Liz Carol Robin
$1,100 $1,200 $1,700

Scores at the end of the Jeopardy! Round:

Liz Carol Robin
$2,100 $1,500 $6,000

Double Jeopardy! Round responses

ENGLISH LITERATURE
MUSIC
WARS
JEWELRY
RELIGIOUS LEADERS
THE WHITE HOUSE
    $200 7
Genesis

Liz
    $200 2
Maracas

Robin
    $200 1
30 years

Liz
    $200 27
a bracelet

Carol
    $200 16
Mohammed

Carol
    $200 21
Barbara Bush

Liz
    $400 12
Beowulf

Robin
    $400 8
Franz Josef Haydn

Liz
    $400 3
the French and Indian War

Carol
    $400 28
[The end-of-round signal sounds.]
(Alex: Oh, darn! We won't get a chance for anything else!)

moonstones

Carol
    $400 17
Peter

Robin
    $400 22
Harry Truman

Triple Stumper
    $600 13
Mode

Robin
    $600 9
Igor Stravinsky

Liz
    $600 4
the Crimean War

Robin
    $600 18
(Robin: What is Jainism?)

Sikhism

Robin
Triple Stumper
    $600 23
(Carol: What are the past presidents?)

First Ladies

LizCarol
    $800 14
Samuel Pepys

Robin
    $3,000 10
Jenny Lind

Liz
    $800 5
(Robin: Who is Chief Joseph?)

King Philip

Robin
Triple Stumper
    $800 19
Dwight Moody

Robin
    $4,000 24
(Liz: What is the Rose Room?)
...
(Alex: Minute to go in the round.)

the East Room

Liz
    $1000 15
Doris Lessing

Triple Stumper
    $1000 11
the Black Watch

Robin
    $1000 6
Maria Theresa

Robin
    $1000 26
Lalique

Robin
    $1000 20
Rev. Ian Paisley

Robin
    $1000 25
James Monroe

Triple Stumper

Scores at the end of the Double Jeopardy! Round:

Liz Carol Robin
$3,300 $2,100 $12,400
(lock game)

[wagering suggestions for these scores]

Final Jeopardy! Round responses

STATE CAPITALS
CarolWhat is (Richmond)?
$2,100
LizWhat is St. Paul?
$901
RobinWhat is Columbus, O. ?
$3,000
St. Paul, Minnesota

Final scores:

Liz Carol Robin
$4,201 $0 $9,400
2nd place: a trip to Hawaii 3rd place: a Lane Action recliner New champion: $9,400

Game dynamics:

Coryat scores:

Liz Carol Robin
$5,100 $2,100 $10,800
14 R
(including 1 DD),
1 W
(including 1 DD)
11 R,
1 W
26 R
(including 1 DD),
3 W

Combined Coryat: $18,000

[game clues] [game scores] [suggest correction]

Game tape date: 1989-12-04
The J! Archive is created by fans, for fans. Scraping, republication, monetization, and malicious use prohibited; this site may use cookies and collect identifying information. See terms. The Jeopardy! game show and all elements thereof, including but not limited to copyright and trademark thereto, are the property of Jeopardy Productions, Inc. and are protected under law. This website is not affiliated with, sponsored by, or operated by Jeopardy Productions, Inc. Join the discussion at JBoard.tv.